• 首页
  • 本馆介绍
  • 公告通知
  • 最新文献
  • 馆藏检索
  • 电子资源
  • 读者导购
  • 参考咨询
  • 我的图书馆
  • 登录
  • 详细信息显示
  • 放入我的书架
  • 预约/预借图书
  • 作者相关作品
  • 分类相关作品
  • 丛书相关作品
  • 出版社相关作品

书目信息

  • 表格格式
  • 工作单格式
  • 卡片格式
题名:
王维诗传
    
 
作者: 江城子 著
分册:  
出版信息: 武汉   长江文艺出版社  2019
页数: 222页
开本: 23cm
丛书名: 浪漫古典行
单 册:
中图分类: K825.6=422
科图分类:
主题词:
电子资源:
ISBN: 978-7-5702-0969-9
000 01017oam2 2200265 450
001 012001005898
005 20131014154212.0
010    @a978-7-5702-0969-9@dCNY32.00
100    @a20190822d2019 em y0chiy50 ea
101 0  @achi
102    @aCN@b420000
105    @ay z 000yb
106    @ar
200 1  @a王维诗传@9wang wei shi zhuan@b专著@e坐看云起时@f江城子著
210    @a武汉@c长江文艺出版社@d2019
215    @a222页@d23cm
225 2  @a浪漫古典行@i人物卷@h第二辑
330    @a本传记用简练清朗的笔法将盛唐现实主义诗人王维的一生娓娓道来,以王维归于佛禅的一生经历为经,以王维的经典诗词为纬,展现了一个性格鲜明、形象饱满、醉心于山水与佛禅之间,终至天人合一境界的山水田园诗人的形象。同时穿插盛唐的文化、风俗及时代气象。内容丰实,情感充沛,文字精美。
462    @a001003755945
517 1  @a坐看云起时@9zuo kan yun qi shi
600  0 @a王维@f(699-759)@x传记
690    @aK825.6=422@v5
701  0 @a江城子@9jiang cheng zi@4著
801  2 @aCN@b上海新华@c20191020
905    @b1097980-3@dK825.6=422@e1227@f4
    
    王维诗传:坐看云起时/江城子著.-武汉:长江文艺出版社,2019
    222页;23cm.-(浪漫古典行.人物卷.第二辑)
    
    
    ISBN 978-7-5702-0969-9:CNY32.00
    本传记用简练清朗的笔法将盛唐现实主义诗人王维的一生娓娓道来,以王维归于佛禅的一生经历为经,以王维的经典诗词为纬,展现了一个性格鲜明、形象饱满、醉心于山水与佛禅之间,终至天人合一境界的山水田园诗人的形象。同时穿插盛唐的文化、风俗及时代气象。内容丰实,情感充沛,文字精美。
●
相关链接 在E读中查询图书 在五车中查询图书 在当当中查询图书 在豆瓣中查询图书


正题名:王维诗传     索取号:K825.6=422/1227         预约/预借

序号 登录号 条形码 馆藏地/架位号 状态 备注
1 1097980   210979805   第二样本阅览室/ [索取号:K825.6=422/1227] 在馆    
2 1097981   210979814   第二借阅区/ [索取号:K825.6=422/1227] 在馆    
3 1097982   210979823   第二借阅区/ [索取号:K825.6=422/1227] 在馆    
4 1097983   210979832   第二借阅区/ [索取号:K825.6=422/1227] 在馆    
唐山师范学院图书馆 欢迎您!
大连网信软件有限公司© 版权所有